=LDR 00000nam 2200000 4500 =001 NUTBA000000000001821 =005 20140902164308.0 =006 =007 =008 Ind =035 ##$$0010-051400000000286 =041 ##$$a Ind =082 ##$$a 371.2 =090 ##$$a 371.2, Wah k =100 ##$$a DR. Wahyudi =245 ##$$a Kepemimpinan kepala sekolah, dalam Organisasi Pembelajar =260 ##$$a Bandung $b Alfabet $c 2009 =300 ##$$a viii, 175 hlm, 23 cm =650 ##$$a Manajemen dan organisasi sekolah =850 ##$$a NBPNMAT =990 ##$$a 93557/BPAP-NTB/2014 =990 ##$$a 21400613/BPAP-NTB/20142014 =990 ##$$a 0001/BPAP-NTB/20142014 =990 ##$$a 2090100960/BPAP-NTB/2015